Les 3 plus grandes villes des pays de l'UE - Statistiques

Statistiques générales
  • Ce quiz a été pris 827 fois
    567 depuis la dernière actualisation
  • Le résultat moyen est 33 sur 81
Statistiques - réponses
Letter Réponse % Correct
ALLEMAGNE Berlin
98%
FRANCE Paris
89%
AUTRICHE Vienne
88%
Marseille
87%
ESPAGNE Madrid
86%
ITALIE Rome
86%
Barcelone
84%
Lyon
84%
Munich
84%
LUXEMBOURG Luxembourg
80%
PAYS-BAS Amsterdam
79%
PORTUGAL Lisbonne
79%
Milan
79%
GRECE Athènes
78%
IRLANDE Dublin
76%
Porto
75%
POLOGNE Varsovie
72%
CROATIE Zagreb
72%
ROUMANIE Bucarest
70%
HONGRIE Budapest
70%
DANEMARK Copenhague
70%
Naples
70%
SUEDE Stockholm
69%
FINLANDE Helsinki
68%
BULGARIE Sofia
68%
TCHEQUIE Prague
65%
Rotterdam
65%
Valence
63%
Hambourg
62%
LETTONIE Riga
59%
CHYPRE Nicosie
57%
ESTONIE Tallinn
55%
LITUANIE Vilnius
55%
SLOVENIE Ljubljana
53%
SLOVAQUIE Bratislava
52%
Cracovie
52%
BELGIQUE Anvers
51%
Split
40%
La Haye
39%
Malmo
39%
Cork
38%
Thessalonique
34%
Charleroi
33%
Gand
30%
Goteborg
28%
Graz
28%
Linz
24%
Brno
20%
Kaunas
19%
Lodz
18%
Cluj-Napoca
16%
Limassol
16%
Aarhus
15%
Aalborg
14%
Maribor
13%
Tampere
13%
Varna
13%
Limerick
11%
Plovdiv
11%
Rijeka
11%
Esch-sur-Alzette
10%
Ostrava
10%
Espoo
9%
Tartu
9%
Debrecen
8%
Kosice
8%
Iasi
7%
Patras
7%
Daugavpils
6%
Klaipeda
6%
Narva
5%
Szeged
5%
MALTE Birkirkara
4%
Liepaja
4%
Vila nova de Gaia
4%
Celje
3%
Differdange
3%
Larnaka
3%
Il-Mosta
2%
Presov
2%
Hal Qormi
1%
Aucun quiz correspondant
Distribution des résultats
% des personnes avec chaque résultat
Percentile par nombre de réponses
Votre historique - résultats
Vous n’avez pas pris ce quiz depuis la dernière actualisation